Catálogo

Vista normal Vista MARC

Entrada Personal Name

Número de registros utilizados en: 1

001 - CONTROL NUMBER

  • control field: 16974

003 - CONTROL NUMBER IDENTIFIER

  • control field: DLC

005 - DATE AND TIME OF LATEST TRANSACTION

  • control field: 20250411101921.0

008 - FIXED-LENGTH DATA ELEMENTS

  • fixed length control field: 130509n| azannaabn |a aaa

010 ## - LIBRARY OF CONGRESS CONTROL NUMBER

  • LC control number: n 2013026508

040 ## - CATALOGING SOURCE

  • Original cataloging agency: DLC
  • Language of cataloging: spa
  • Transcribing agency: Mx-PuUPA
  • Description conventions: rda
  • Modifying agency: Mx-PuUPA

046 ## - SPECIAL CODED DATES

  • Birth date: 1959

100 1# - HEADING--PERSONAL NAME

  • Personal name: Rodríguez Almenar, Jorge-Manuel,
  • Dates associated with a name: 1959-

370 ## - ASSOCIATED PLACE

  • Place of birth: Valencia, España

372 ## - FIELD OF ACTIVITY

  • Field of activity: Derecho Civil
  • Source of term: lcsh

373 ## - ASSOCIATED GROUP

  • Associated group: Facultad de Derecho, Universidad de Valencia

373 ## - ASSOCIATED GROUP

  • Associated group: Centro Español de Sindonología

374 ## - OCCUPATION

  • Occupation: Abogado
  • Source of term: lcsh

374 ## - OCCUPATION

  • Occupation: Editor
  • Source of term: lcsh

374 ## - OCCUPATION

  • Occupation: Autor
  • Source of term: lcsh

375 ## - GENDER

  • Gender: hombre

377 ## - ASSOCIATED LANGUAGE

  • Language code: spa

400 1# - SEE FROM TRACING--PERSONAL NAME

  • Personal name: Almenar, Jorge-Manuel Rodríguez,
  • Dates associated with a name: 1959-

670 ## - SOURCE DATA FOUND

  • Source citation: Sábana Santa, 2011:
  • Information found: t.p. (Jorge-Manuel Rodríguez Almenar) p. 4 of cover (b. Valencia, 1959; professor at Departamento de Derecho Civil, Universidad de Valencia; resident of Centro Español de Sindonología (CES); editor in chief of the magazine "Línteum")